[Event "Guwahati Sakatam op 1st"]
[Site "Guwahati"]
[Date "2024.03.25"]
[Round "5"]
[White "Singh, Y Dhanabir"]
[Black "Madkar, Atharva"]
[Result "1-0"]
[WhiteElo "1996"]
[BlackElo "1788"]
[PlyCount "47"]
[EventDate "2024.03.23"]
[EventType "swiss"]
[EventRounds "10"]
[EventCountry "IND"]
[SourceTitle "CB15_2024"]
[SourceDate "2024.04.10"]
[SourceVersion "1"]
[SourceVersionDate "2024.04.10"]
[SourceQuality "1"]

1. e4 e5 2. Nf3 Nc6 3. d4 exd4 4. c3 d5 5. exd5 Qxd5 6. cxd4 Bg4 7. Be2 0-0-0 8. Nc3 Bb4 9. 0-0 Qd7 10. Qa4 Nge7 11. d5 Nxd5 12. Nxd5 Qxd5 13. a3 Qe6 14. Be3 Bxf3 15. Bxf3 Bd2 16. Bxa7 h5 17. Bc5 Nb8 18. Rad1 Na6 19. Bd4 Bh6 20. Rfe1 Qg6 21. Re7 Bg5 22. Qb5 Rxd4 23. Bxb7+ Kd8 24. Qd7+ 1-0

[Event "IND-ch Rapid"]
[Site "Nashik"]
[Date "2022.04.28"]
[Round "7"]
[White "Madkar, Atharva"]
[Black "Krishna, C Revanth Gopala"]
[Result "0-1"]
[WhiteElo "1745"]
[BlackElo "2439"]
[PlyCount "88"]
[EventDate "2022.04.27"]
[EventType "swiss (rapid)"]
[EventRounds "9"]
[EventCountry "IND"]
[SourceTitle "CBM 208 Extra"]
[Source "ChessBase"]
[SourceDate "2022.07.31"]
[SourceVersion "1"]
[SourceVersionDate "2022.07.31"]
[SourceQuality "1"]

1. e4 d6 2. d4 Nf6 3. Nc3 Nbd7 4. f4 e5 5. Nf3 exd4 6. Nxd4 c6 7. Be2 g6 8. 0-0 Bg7 9. Be3 0-0 10. Bf3 Qe7 11. Qe1 Nc5 12. Nb3 Ncxe4 13. Bd4 Re8 14. Nxe4 Nxe4 15. Bxg7 Kxg7 16. Rd1 d5 17. Qa5 Qf6 18. c3 b6 19. Qa4 Bb7 20. c4 a6 21. cxd5 cxd5 22. Nd4 Rac8 23. f5 b5 24. Qa3 Rc4 25. Bxe4 Rxd4 26. Bc2 Rxd1 27. Bxd1 g5 28. Qc3 Qxc3 29. bxc3 Kf6 30. Kf2 Rc8 31. Bb3 Rxc3 32. Rd1 Kxf5 33. Bxd5 Rc2+ 34. Kf3 Bxd5+ 35. Rxd5+ Ke6 36. Rxg5 Rxa2 37. Rh5 b4 38. Rxh7 b3 39. Rh8 b2 40. Rb8 a5 41. Ke3 a4 42. Kd3 a3 43. Kc2 Ra1 44. Rb3 Rc1+ 0-1

[Event "IND-ch Rapid"]
[Site "Nashik"]
[Date "2022.04.27"]
[Round "2"]
[White "Karthikeyan, Pandian"]
[Black "Madkar, Atharva"]
[Result "1-0"]
[WhiteElo "2378"]
[BlackElo "1745"]
[PlyCount "91"]
[EventDate "2022.04.27"]
[EventType "swiss (rapid)"]
[EventRounds "9"]
[EventCountry "IND"]
[SourceTitle "CBM 208 Extra"]
[Source "ChessBase"]
[SourceDate "2022.07.31"]
[SourceVersion "1"]
[SourceVersionDate "2022.07.31"]
[SourceQuality "1"]

1. e4 e5 2. Nf3 Nc6 3. Bc4 Nf6 4. d3 Be7 5. Nc3 0-0 6. 0-0 d6 7. a4 Bg4 8. h3 Bh5 9. Be3 Nd4 10. g4 Nxf3+ 11. Qxf3 Bg6 12. Qg2 c6 13. Kh1 Rc8 14. f4 exf4 15. Bxf4 d5 16. exd5 cxd5 17. Nxd5 Nxd5 18. Bxd5 Rxc2 19. Qxc2 Qxd5+ 20. Kh2 Bxd3 21. Rfd1 Rd8 22. Qc7 Bf6 23. Ra3 Re8 24. Rd2 Re1 25. Qb8+ Bd8 26. Qxd8+ Qxd8 27. Raxd3 Qf8 28. Rd8 Re8 29. Bc7 f5 30. Rxe8 Qxe8 31. Rd8 Qxd8 32. Bxd8 fxg4 33. hxg4 Kf7 34. Kg3 Ke6 35. Kf4 h6 36. Ba5 g6 37. Bc3 Kd5 38. a5 b5 39. a6 Kc4 40. Ke5 b4 41. Bd4 Kb5 42. Kf6 h5 43. g5 Kxa6 44. Kxg6 h4 45. Kf5 h3 46. Be5 1-0